K ochranným známkám. 3.

Článok je venovaný právnym aspektom ochranných známok, osobitne niektorým otázkam súvisiacim s pripravovanou novelou zákona o ochranných známkach hlavne z hľadiska ich zlučiteľnosti s právnymi úpravami prijatými v krajinách ES.

Guardado en:
Detalles Bibliográficos
Autor principal: Marek, K.
Formato: Capítulo de libro
Lenguaje:checo
Materias:
Etiquetas: Agregar Etiqueta
Sin Etiquetas, Sea el primero en etiquetar este registro!

MARC

LEADER 00000naa a2200000 4500
001 r008600
005 20220831083729.7
041 0 |a cze 
044 |a [CS] 
245 1 0 |a K ochranným známkám. 3.  |c K. Marek 
520 |a Článok je venovaný právnym aspektom ochranných známok, osobitne niektorým otázkam súvisiacim s pripravovanou novelou zákona o ochranných známkach hlavne z hľadiska ich zlučiteľnosti s právnymi úpravami prijatými v krajinách ES. 
610 2 0 |a známky ochranné 
610 2 0 |a legislatíva 
610 2 0 |a ČSFR 
610 2 0 |a Európske spoločenstvá 
100 1 |a Marek, K.